1774 1488 1889 1806 1901 1797 1953 1029 1432 1214 1413 1959 1081 1490 1043 1041 1719 1038 1455 1179 1763 1698 1453 1674 1220 1611 1518 1336 1804 1122 1185 1666 1694 1512 1549 1505 1668 1026 1931 1005 1588 1785 1186 1706 1947 1839 1992 1035 1208 1834 1238 1068 1542 1025 1795 1623 1647 1488 1527 1823 1021 1605 1165 1698 1186 1131 1871 1330 1295 1885 1386 1473 1915 1867 1155 1916 1350 1189 1159 1890 1419 1771 1220 1702 1456 1605 1093 1876 1039 1450 1431 1371 1886 1297 1448 1391 1207 1157 1263 BCNSPRNW ULIB Ver.6.0+V

เปลี่ยนเป็นภาษาไทย

Change to English
 แสดงรายละเอียดบรรณานุกรม
  กลับหน้าหลัก

Brief Record : Get Marc (ISO 2709) : E-mail record : QR code < ปิดหน้าต่าง
LEADER : 00000nam 2200000uu 4500
001    13399121015
003     ULIB
008    020711s2549 th a 000 0 tha d
020    9749666984
050    HA62^bส786ร
100    สุธีระ ประเสริฐสรรพ์
245    รู้จักวิจัย...ทำให้เป็น /^cสุธีระ ประเสริฐสรรพ์
250    พิมพ์ครั้งที่ 2
260    กรุงเทพฯ :^bสำนักงานกองทุนสนับสนุนการวิจัย,^c2549
300    160 หน้า
650    ทำวิจัย
650    วิจัย
945    ^p170^l0^i14533
999    ^aทศพร เกษรทอง
รายการนี้ยังไม่มีแท็ก
คุณยังไม่ได้ล็อกอิน คุณสามารถมีกิจกรรมร่วมกับเว็บไซต์ได้ แต่ต้องล็อกอินก่อน ::
  ล็อกอิน

รายการสื่อสารสนเทศ

ลำดับที่ ประเภท เลขเรียก/บาร์โค้ด สถานที่ สถานะ
1. วิทยาศาสตร์การแพทย์ และสุขภาพ
วิทยาศาสตร์การแพทย์ และสุขภาพ
HA62 ส786ร ฉ.1 
  Barcode: 14533
ห้องสมุดวิทยาเขตสวรรค์ประชารักษ์
►หนังสือทั่วไป
บนชั้น

รายการใกล้เคียง
    ผู้แต่ง [สุธีระ ประเสริฐสรรพ์]

    หัวเรื่อง [ทำวิจัย]
    หัวเรื่อง [วิจัย]

BibComment


ยังไม่เคยถูกคอมเมนท์

คอมเมนท์ทรัพยากรรายการนี้
  คอมเมนท์: รู้จักวิจัยทำให้เ..


 Copyright 2026. Bcnsprnw @Library